Vrtuľníkové peniaze

Členské štáty eurozóny sa dlhodobo boria s problémom slabého ekonomického rastu a nízkej inflácie. Európska centrálna banka sa snaží podporiť ekonomický rast a infláciu cestou znižovania kľúčových úrokových sadzieb a použitím netradičného nástroja menovej politiky v podobe programu kvantitatívneho u...

Full description

Saved in:
Bibliographic Details
Main Author: Gonda, Vladimír
Format: Book Chapter
Language:Slovak
Subjects:
Tags: Add Tag
No Tags, Be the first to tag this record!

MARC

LEADER 00000nla a2200000 4500
001 0243797
005 20240712111701.8
041 0 |a slo 
044 |a PL 
245 1 0 |a Vrtuľníkové peniaze  |c Vladimír Gonda 
520 |a Členské štáty eurozóny sa dlhodobo boria s problémom slabého ekonomického rastu a nízkej inflácie. Európska centrálna banka sa snaží podporiť ekonomický rast a infláciu cestou znižovania kľúčových úrokových sadzieb a použitím netradičného nástroja menovej politiky v podobe programu kvantitatívneho uvoľňovania. Mnohí experti skúmajú stále radikálnejšie opatrenia na oživenie ekonomiky. Jedným z nich je koncepcia "vrtuľníkových peňazí" - myšlienka dať ľuďom hotové peniaze alebo znížiť dane, aby mali väčší disponibilný dôchodok a tak stimulovať rast spotrebiteľského dopytu. 
610 2 0 |a peniaze 
610 2 0 |a politika peňažná 
610 2 0 |a spotrebitelia 
610 2 0 |a spotreba 
610 2 0 |a dane 
610 2 0 |a inflácia 
610 2 0 |a eurozóna 
100 1 |a Gonda, Vladimír